| 000 | 00480nam a2200169 i 4500 | ||
|---|---|---|---|
| 001 | 42403 | ||
| 003 | ES-MaACL | ||
| 005 | 20230906160614.0 | ||
| 007 | t| | ||
| 008 | 030313s1971 pr ||||1| spa d | ||
| 100 | 1 |
_aCastrillo, Primo. _936815 |
|
| 245 | 1 | 0 |
_aAlbas y combates / _cPrimo Castrillo. |
| 260 |
_aSan Juan de Puerto Rico : _bJuan Ponce de León, _c1971. |
||
| 300 |
_a221 p. ; _c21 cm. |
||
| 852 |
_aES-MaACL _jC-42272 _bR.80838 |
||
| 852 |
_aES-MaACL _jE-4994 _bR.88970 |
||
| 999 |
_c42403 _d42403 |
||